Psicología descriptiva (Record no. 142606)

MARC details
000 -LEADER
campo de control de longitud fija 00521nam a2200169 i 4500
001 - NÚMERO DE CONTROL
campo de control 142606
003 - IDENTIFICADOR DE NÚMERO DE CONTROL
campo de control ES-MaACL
005 - FECHA Y HORA DE LA ÚLTIMA TRANSACCIÓN
campo de control 20230906200554.0
007 - CAMPO FIJO DE DESCRIPCIÓN FÍSICA--INFORMACIÓN GENERAL
campo de control de longitud fija t|
008 - DATOS DE LONGITUD FIJA--INFORMACIÓN GENERAL
campo de control de longitud fija 071009s1955 sp ||||1| spa d
100 1# - ENTRADA PRINCIPAL--NOMBRE DE PERSONA
Nombre de persona Via Parera, José de.
9 (RLIN) 114253
245 10 - MENCIÓN DEL TÍTULO
Título Psicología descriptiva
Resto del título : definiciones por esquemas /
Mención de responsabilidad, etc. por José de Via Parera.
260 ## - PUBLICACIÓN, DISTRIBUCIÓN, ETC.
Lugar de publicación, distribución, etc. Barcelona :
Nombre del editor, distribuidor, etc. [s.n.],
Fecha de publicación, distribución, etc. 1955.
300 ## - DESCRIPCIÓN FÍSICA
Extensión 49 p., 8 h., 26 gráf. ;
Dimensiones 21 cm.
500 ## - NOTA GENERAL
Nota general Ejemplar estenografiado.
852 ## - LOCALIZACIÓN
Ubicación ES-MaACL
Número de control de estantería 1986-F-1
Sublocalización o colección R.37525
Holdings
Estatus retirado Estado de pérdida Estado de daño No para préstamo Colección Biblioteca de origen Biblioteca actual Ubicación en estantería Fecha de adquisición Fuente de adquisición Total de préstamos Signatura topográfica completa Código de barras Visto por última vez Precio de reemplazo Tipo de ítem Koha
        Colección de folletos Biblioteca del Ateneo de Madrid Biblioteca del Ateneo de Madrid Depósito folletos 17/01/2008     1986-F-1 1148382 23/02/2023 23/02/2023 Folleto